LDR 01001naa#a2200169#i#450# 001 RU\\bibl\20216 005 20260702010844.4 100 ## _a20260630b2026####ek#y0rusy0150####ca 102 ## _aRU 200 1# _aИСПОЛЬЗОВАНИЕ МУЛЬТИСПЕКТРАЛЬНЫХ И ГИПЕРСПЕКТРАЛЬНЫХ ДАННЫХ ДЛЯ ПОВЫШЕНИЯ ТОЧНОСТИ РАСПОЗНАВАНИЯ ОБЪЕКТОВ НА СПУТНИКОВЫХ ИЗОБРАЖЕНИЯХ _eСтатья/тезисы конференции 210 1# _aВоронеж _cВоронежский государственный лесотехнический университет имени Г.Ф. Морозова _d2026 215 ## _a6 с. 608 ## _aСтатья/тезисы конференции _2local 675 ## _aПрикладные информационные (компьютерные) технологии. 004.9 _z 700 #1 _aЛучников _gВ. С. 700 #1 _aЮдина _gНадежда Юрьевна 856 4# _abibl.vgltu.ru _u